Matemática rápida - raíces cadradas - Statistics

General Stats
  • This quiz has been taken 4 times
  • The average score is 14 of 20
Answer Stats
problema resposta % Correct
1 1
100%
144 12
100%
169 13
100%
225 15
100%
256 16
100%
289 17
100%
4 2
100%
441 21
100%
529 23
100%
1296 36
100%
16 4
100%
1600 40
100%
1681 41
100%
2209 47
100%
25 5
100%
2500 50
100%
3136 56
100%
36 6
100%
49 7
100%
81 9
100%
400 20
50%
841 29
50%
1089 33
50%
2304 48
50%
64 8
50%
100 10
0%
121 11
0%
196 14
0%
324 18
0%
361 19
0%
484 22
0%
576 24
0%
625 25
0%
676 26
0%
729 27
0%
784 28
0%
9 3
0%
900 30
0%
961 31
0%
1024 32
0%
1156 34
0%
1225 35
0%
1369 37
0%
1444 38
0%
1521 39
0%
1764 42
0%
1849 43
0%
1936 44
0%
2025 45
0%
2116 46
0%
2401 49
0%
2601 51
0%
2704 52
0%
2809 53
0%
2916 54
0%
3025 55
0%
3249 57
0%
3364 58
0%
3481 59
0%
3600 60
0%
No matching quizzes found
Score Distribution
Percent of People with Each Score
Percentile by Number Answered
Your Score History
You have not taken this quiz